[Event "Reykjavik Kvika op"]
[Site "Reykjavik"]
[Date "2022.04.07"]
[Round "3"]
[White "Unhjem, Bjorn Robert Lovoll"]
[Black "Leifsson, Thorsteinn"]
[Result "1-0"]
[WhiteElo "1939"]
[BlackElo "1652"]
[PlyCount "25"]
[EventDate "2022.04.06"]
[EventType "swiss"]
[EventRounds "9"]
[EventCountry "ISL"]
[SourceTitle "CBM 207 Extra"]
[Source "ChessBase"]
[SourceDate "2022.05.31"]
[SourceVersion "1"]
[SourceVersionDate "2022.05.31"]
[SourceQuality "1"]

1. d4 d5 2. c4 e6 3. Nc3 Nf6 4. Bg5 Be7 5. e3 h6 6. Bh4 0-0 7. Bd3 b6 8. cxd5 Nxd5 9. Bg3 Bb7 10. Nge2 Nxc3 11. Nxc3 Bxg2 12. Rg1 Bb7 13. Qh5 1-0

[Event "Reykjavik op"]
[Site "Reykjavik"]
[Date "2013.02.20"]
[Round "2"]
[White "Doell, Detlef"]
[Black "Leifsson, Thorsteinn"]
[Result "1-0"]
[WhiteElo "2044"]
[BlackElo "1759"]
[PlyCount "101"]
[EventDate "2013.02.19"]
[EventType "swiss"]
[EventRounds "10"]
[EventCountry "ISL"]
[SourceTitle "CBM 153 Extra"]
[Source "ChessBase"]
[SourceDate "2013.04.22"]
[SourceVersion "1"]
[SourceVersionDate "2013.04.22"]
[SourceQuality "1"]

1. e4 c5 2. Nf3 d6 3. Bb5+ Bd7 4. Bxd7+ Qxd7 5. c4 Nf6 6. Nc3 Nc6 7. d4 cxd4 8. Nxd4 g6 9. 0-0 Bg7 10. Nc2 0-0 11. f3 Rac8 12. Be3 Na5 13. b3 Nc6 14. Qd2 Rfd8 15. Rac1 b6 16. Bh6 Bh8 17. Rfd1 Qb7 18. Kh1 Nd7 19. Ne3 Nc5 20. Ned5 a6 21. Be3 e6 22. Nf4 Bg7 23. Qf2 Bf8 24. Qb2 Qb8 25. Qe2 Bg7 26. Nd3 Ne5 27. Nf2 Nc6 28. h3 h5 29. f4 Qb7 30. f5 exf5 31. exf5 Ne7 32. fxg6 fxg6 33. Bg5 Nf5 34. Qf3 Qxf3 35. gxf3 Re8 36. Nce4 Nb7 37. Nd3 Kf7 38. Nb4 a5 39. Nd5 Bd4 40. Bf4 Rcd8 41. Bg5 Rc8 42. Rc2 b5 43. Rcd2 bxc4 44. Rxd4 Nxd4 45. Rxd4 cxb3 46. axb3 Ke6 47. Nf4+ Kf7 48. Nd5 Ke6 49. Kg2 Rc2+ 50. Kg3 Rb2 51. Nc7+ 1-0

[Event "Reykjavik op"]
[Site "Reykjavik"]
[Date "2010.03.01"]
[Round "7"]
[White "Leifsson, Thorsteinn"]
[Black "Bick, John D"]
[Result "0-1"]
[WhiteElo "1821"]
[BlackElo "2248"]
[PlyCount "56"]
[EventDate "2010.02.24"]
[EventType "swiss"]
[EventRounds "9"]
[EventCountry "ISL"]
[SourceTitle "CBM 135 Extra"]
[Source "ChessBase"]
[SourceDate "2010.05.04"]
[SourceVersion "1"]
[SourceVersionDate "2010.05.04"]
[SourceQuality "1"]

1. d4 e6 2. c4 f5 3. Nc3 Nf6 4. Nf3 d5 5. Bg5 c6 6. e3 Be7 7. Bd3 0-0 8. Qc2 h6 9. Bh4 g5 10. Bg3 Ne4 11. Bxb8 Rxb8 12. Ne5 Bd6 13. Nf3 Qa5 14. a3 Nxc3 15. Qxc3 Qxc3+ 16. bxc3 b5 17. cxb5 cxb5 18. Kd2 Bd7 19. h3 Rfc8 20. Rhc1 Kg7 21. Kc2 Kf6 22. Kd2 Rb6 23. Ng1 Ra6 24. a4 Rxa4 25. Rxa4 bxa4 26. c4 dxc4 27. Bxc4 a3 28. Ne2 Rb8 0-1

[Event "Reykjavik op"]
[Site "Reykjavik"]
[Date "2010.02.27"]
[Round "4"]
[White "Brynjarsson, Eirikur Orn"]
[Black "Leifsson, Thorsteinn"]
[Result "1-0"]
[WhiteElo "1653"]
[BlackElo "1821"]
[PlyCount "65"]
[EventDate "2010.02.24"]
[EventType "swiss"]
[EventRounds "9"]
[EventCountry "ISL"]
[SourceTitle "CBM 135 Extra"]
[Source "ChessBase"]
[SourceDate "2010.05.04"]
[SourceVersion "1"]
[SourceVersionDate "2010.05.04"]
[SourceQuality "1"]

1. e4 c6 2. d4 d5 3. exd5 cxd5 4. Nc3 Nf6 5. Bf4 e6 6. Nf3 Bb4 7. Bd3 0-0 8. 0-0 a6 9. Be5 Nc6 10. Ng5 h6 11. Bxf6 gxf6 12. Nh7 f5 13. Nxf8 Qxf8 14. Ne2 Bd7 15. c3 Bd6 16. f4 Ne7 17. Ng3 Ng6 18. Nh5 Qe7 19. Rf3 Kh7 20. Qe1 Rg8 21. Rg3 Nxf4 22. Nxf4 Bxf4 23. Bxf5+ Kh8 24. Rxg8+ Kxg8 25. Bd3 Qg5 26. Qe2 f6 27. Rf1 e5 28. dxe5 fxe5 29. Qf3 Be6 30. Kh1 Qd8 31. Qh5 Qe7 32. Qg6+ Kh8 33. g3 1-0

[Event "Reykjavik op"]
[Site "Reykjavik"]
[Date "2010.02.27"]
[Round "5"]
[White "Leifsson, Thorsteinn"]
[Black "Helgadottir, Sigridur Bjorg"]
[Result "1-0"]
[WhiteElo "1821"]
[BlackElo "1725"]
[PlyCount "56"]
[EventDate "2010.02.24"]
[EventType "swiss"]
[EventRounds "9"]
[EventCountry "ISL"]
[SourceTitle "CBM 135 Extra"]
[Source "ChessBase"]
[SourceDate "2010.05.04"]
[SourceVersion "1"]
[SourceVersionDate "2010.05.04"]
[SourceQuality "1"]

1. d4 Nf6 2. c4 g6 3. Nf3 Bg7 4. Nc3 d5 5. Qb3 c6 6. Bf4 e6 7. e3 0-0 8. Bd3 Nbd7 9. 0-0 b6 10. Qc2 Ba6 11. cxd5 Bxd3 12. Qxd3 Nxd5 13. Nxd5 cxd5 14. Rac1 Rc8 15. Qa6 Ra8 16. Rc2 Nf6 17. h3 Nh5 18. Bh2 Re8 19. Rfc1 Qe7 20. a3 Red8 21. Rc7 Rd7 22. g4 Nf6 23. Qb7 Rf8 24. Qxa7 b5 25. Qb6 Ne4 26. Rxd7 Qxd7 27. Rc7 Qe8 28. Rc6 Qa8 1-0

[Event "Reykjavik op"]
[Site "Reykjavik"]
[Date "2010.02.26"]
[Round "3"]
[White "Leifsson, Thorsteinn"]
[Black "Kjartansson, Dagur"]
[Result "1/2-1/2"]
[WhiteElo "1821"]
[BlackElo "1485"]
[PlyCount "44"]
[EventDate "2010.02.24"]
[EventType "swiss"]
[EventRounds "9"]
[EventCountry "ISL"]
[SourceTitle "CBM 135 Extra"]
[Source "ChessBase"]
[SourceDate "2010.05.04"]
[SourceVersion "1"]
[SourceVersionDate "2010.05.04"]
[SourceQuality "1"]

1. d4 e6 2. c4 Nf6 3. Nc3 Bb4 4. Qc2 d5 5. e3 0-0 6. Bd3 b6 7. Nf3 Bb7 8. Bd2 Nbd7 9. cxd5 exd5 10. a3 Bxc3 11. bxc3 c5 12. 0-0 h6 13. Bb5 Ne4 14. Be1 c4 15. Qb2 g6 16. Ba4 Kg7 17. Nd2 f5 18. f3 Nxd2 19. Qxd2 a6 20. Bg3 b5 21. Bc2 Qe7 22. a4 Bc6 1/2-1/2

[Event "ISL-chB"]
[Site "Reykjavik"]
[Date "2009.09.05"]
[Round "7"]
[White "Leifsson, Thorsteinn"]
[Black "Larusson, Agnar Darri"]
[Result "1-0"]
[WhiteElo "1814"]
[BlackElo "1752"]
[PlyCount "38"]
[EventDate "2009.08.29"]
[EventType "swiss"]
[EventRounds "9"]
[EventCountry "ISL"]
[SourceTitle "EXT 2012"]
[Source "ChessBase"]
[SourceDate "2011.11.24"]
[SourceVersion "1"]
[SourceVersionDate "2011.11.24"]
[SourceQuality "1"]

1. d4 Nf6 2. c4 e5 3. dxe5 Ng4 4. Nf3 Bc5 5. e3 Nc6 6. Be2 Ngxe5 7. 0-0 0-0 8. a3 a5 9. Nc3 Nxf3+ 10. Bxf3 Ne5 11. Be2 Ra6 12. Qd5 Qe7 13. Kh1 Rh6 14. e4 c6 15. Qd1 Rg6 16. f4 Rh6 17. Qe1 d6 18. fxe5 Rh4 19. Qg3 Qd8 1-0

[Event "Reykjavik-ch"]
[Site "Reykjavik"]
[Date "2008.01.13"]
[Round "4"]
[White "Leifsson, Thorsteinn"]
[Black "Brynjarsson, Eirikur Orn"]
[Result "1/2-1/2"]
[WhiteElo "1825"]
[BlackElo "1686"]
[PlyCount "57"]
[EventDate "2008.01.06"]
[EventType "swiss"]
[EventRounds "9"]
[EventCountry "ISL"]
[SourceTitle "EXT 2009"]
[Source "ChessBase"]
[SourceDate "2008.11.26"]
[SourceVersion "1"]
[SourceVersionDate "2008.11.26"]
[SourceQuality "1"]

1. d4 d5 2. c4 c6 3. e3 e6 4. Nc3 Nf6 5. Nf3 Be7 6. Bd3 h6 7. Qc2 0-0 8. Bd2 Nbd7 9. 0-0-0 b6 10. h3 c5 11. Kb1 a5 12. Rhg1 Ba6 13. cxd5 c4 14. Be2 Nxd5 15. e4 Nb4 16. Qc1 b5 17. g4 Nd3 18. Bxd3 cxd3 19. Bxh6 b4 20. Na4 Rc8 21. Qe3 Bb5 22. Nc5 Nxc5 23. dxc5 Bxc5 24. Qf4 Bxf2 25. Rg2 Bb6 26. Bxg7 Kxg7 27. Qe5+ Qf6 28. Qxb5 Qxf3 29. Qg5+ 1/2-1/2